000
00328nam a2200145 4500
020
_a
0-7515-3647-4
082
_a
813.54
100
_a
Shaun Hutson
245
_a
Relics Spawn Shadows
260
_a
UK
_b
Time Warner Paper Backs
_c
2004
300
_a
325p.
_e
18cm.
650
_a
Fiction
700
_a
Hutson, Shaun
942
_c
BK
999
_c
12306
_d
12306